000 00760nam a2200241Ia 4500
003 OSt
005 20220923224024.0
006 a|||||r|||| 00| 0
007 ta
008 220922b |||||||| |||| 00| 0 hin d
024 _a224,121
037 _cTextual
040 _aARTS
_cARTS
_bhin
041 _2hin
_ahin
082 _aY:45N.73.P, 152P5
100 _aपवन कुमार सिंह
245 0 _aदहशगर्द अमेरिका
246 _aDahashagarda amerikā
260 _aनई दिल्ली
_b अनामिका पब्लिशर्स
_c2005
300 _a132पृ.
_ccm.
942 _hY:45N.73.P, 152P5
_cTEXL
_2CC
999 _c368714
_d368714